| 000 | 00759nam a22002057a 4500 | ||
|---|---|---|---|
| 001 | 129910 | ||
| 003 | ES-SlBCS | ||
| 005 | 20260312094007.0 | ||
| 008 | 260312b ||||| |||| 00| 0 spa d | ||
| 017 |
_aM 40249-2019 _bMadrid |
||
| 020 | _a978-84-8440-822-2 | ||
| 040 |
_aES-SlBCS _bspa _dES-SlBCS |
||
| 100 | 1 |
_aMaya Maya, Francisco (coord.) - Cabezas de Herreras, Ricardo - Moreno Losada, José _9429393 |
|
| 245 | 1 |
_a«Conectados y... ¿vinculados?» «Se hizo uno de tantos» (Flp 2,7). Cuaresma y Pascua 2020. _bGuiones litúrgicos Ciclo A _cCARITAS |
|
| 260 |
_aMadrid _bCARITAS Española _c2020 |
||
| 300 |
_a292 p., _c21 cm. |
||
| 490 | 0 | _aGuiones litúrgicos Ciclo A | |
| 650 | 0 |
_aLITURGIA _vGuiones litúrgicos _xCiclo A _9429394 |
|
| 942 |
_2lcc _cBK |
||
| 999 |
_c904034 _d904034 |
||